<?xml version="1.0" encoding="UTF-8"?>
<collection xmlns="http://www.loc.gov/MARC21/slim">
 <record>
  <leader>00533nam a22001695a 4500</leader>
  <controlfield tag="001">EHU.bham007666</controlfield>
  <controlfield tag="003">AR-BHAM</controlfield>
  <controlfield tag="005">20091202145436.0</controlfield>
  <controlfield tag="008">130507s1971##################000#0#####d</controlfield>
  <datafield tag="082" ind1="8" ind2="1">
   <subfield code="a">810.9</subfield>
  </datafield>
  <datafield tag="100" ind1="1" ind2=" ">
   <subfield code="a">Izzo, Carlos</subfield>
  </datafield>
  <datafield tag="245" ind1="1" ind2="0">
   <subfield code="a">La literatura norteamericana /</subfield>
   <subfield code="c">Carlos Izzo.</subfield>
  </datafield>
  <datafield tag="260" ind1=" " ind2=" ">
   <subfield code="a">Buenos Aires :</subfield>
   <subfield code="b">Losada,</subfield>
   <subfield code="c">1971</subfield>
  </datafield>
  <datafield tag="300" ind1=" " ind2=" ">
   <subfield code="a">584 p.</subfield>
  </datafield>
  <datafield tag="653" ind1=" " ind2=" ">
   <subfield code="a">Literatura eeuu-historia</subfield>
  </datafield>
  <datafield tag="859" ind1=" " ind2=" ">
   <subfield code="a">AR-BHAM</subfield>
   <subfield code="b">BIB. HUMANIDADES - General</subfield>
   <subfield code="h">810.9</subfield>
   <subfield code="i">Iz8</subfield>
   <subfield code="p">245.88</subfield>
   <subfield code="t">Ej.1</subfield>
  </datafield>
  <datafield tag="859" ind1=" " ind2=" ">
   <subfield code="a">AR-BHAM</subfield>
   <subfield code="b">BIB. HUMANIDADES - General</subfield>
   <subfield code="h">810.9</subfield>
   <subfield code="i">Iz8</subfield>
   <subfield code="p">268.86</subfield>
   <subfield code="t">Ej.1</subfield>
  </datafield>
 </record>
</collection>
